00646nam a2200217 a 450000100060000000300080000600500170001400800400003102000150007103500140008603500190010004000270011904100080014608200230015410000360017724500530021326000380026630000260030450000600033050000380039019031BD-RjUL20211209000356.0140223s1956 enk 001 p eng d a0571060587 a(BD-RjUL) a(BD-RjUL)19089 aDLCcDLCdBD-RjULbeng aeng a821.91b SAC 19561 aSassoon, Siegfried,d1886-1967.10aCollected poems, 1908-1956 /cSiegfried Sassoon. aLondon :bFaber and Faber,c1956. axix, 317 p. :c21 cm. aLabel mounted on t.p.: Faber & Faber, inc., Salem, N.H. aIncludes an index of first lines.